000 00162nam a2200073Ia 4500
008 170620s9999 xx 000 0 und d
100 _aK. C. Agarwal
245 0 _aGanit Shikshan
260 _bAPOLO
999 _c27312
_d27312